00970nam a2200277 a 450000100100000000500170001000800410002704000250006808200250009310000390011824500470015725000110020426000370021530000270025249000450027950000320032465000300035665000280038665000290041465000340044383000530047791000070053004900090053795201290054699900170067500002020620200929170320.0100727s1944 sp 001 p spa d aDO-SdBNPbspacBNPHU a808.103bZ88Le, 19441 aZorrilla, José,d1817-18939493910aLeyendas y tradiciones /cJosé Zorrilla. a3a ed. aMadrid :bEspasa-Calpe,c[1944]. a160, [12] p. ;c18 cm.1 aAustral. Violeta: teatro y poesíav439 aIncluye índice de autores 4aLeyendaszEspaña915564 4aProsa española915565 4aCuentos populares915566 4aLiteratura folclórica91529 0aAustral.pVioleta: teatro y poesíav439939559 aWM aBNGR 001054708MOaGRbGRcHDd2010-07-27iLF1l0o808.103 Z88Le, 1944p20206-10r2020-06-25w2020-06-25y4ZPréstamo en sala c19713d19713